000 00585nam a22001817a 4500
005 20251108172641.0
008 250721s1998 xx 000 0 ara d
082 1 4 _a810.09/وكي
100 1 _aالوكيل، سعيد
245 1 0 _aتحليل النص السردي :
_bمعارج ابن عربي نموذجاً /
264 1 _aالقاهرة :
_bالهيئة المصرية العامة،
_c1998.
300 _a167 ص
650 1 7 _aالأدب العربي
650 1 7 _aالنقد الأدبي
650 1 7 _aالتصوف الإسلامي
942 _2ddc
_cBK
999 _c84993
_d84993